000 00451nam a2200181Ia 4500
005 20250423100443.0
008 250422s9999 xx 000 0 und d
020 _a1-55860-339-5
050 _aQA 76.642 .P3/
100 _aPeter S. Pacheco
245 0 _aParallel Programming with MPI
260 _aSan Fancisco
260 _bMorgan Kaufman Publishers Inc
260 _c1997
300 _a407 p
650 _aParallel Programming
942 _cBK
999 _c33352
_d33352